Statistics for Movies by Letter - Q

Click here to take the quiz!

General Stats

  • This quiz has been taken 19 times
  • The average score is 12 of 25

Answer Stats

HintAnswer% Correct
Tarantino's first nameQuentin
100%
Acting brothers Dennis and RandyQuaid
94%
Coin that would let five people into a nickelodeonquarter
94%
Star of Lawrence of Arabia, Lust for Life, and Zorba the GreekAnthony Quinn
76%
Country that is home to the Doha Film InstituteQatar
76%
Daniel Craig's second Bond filmQuantum of Solace
76%
The assistant director wants this on setquiet
71%
One-line witticism by Groucho Marx or other comedic actorsquip
65%
Robert Redford movie about rigging game showsQuiz Show
65%
Actor who inherited Spock from Leonard NimoyZachary Quinto
65%
Star-Lord's full namePeter Jason Quill
53%
Tom Selleck goes to AustraliaQuigley Down Under
47%
Where Marvel's Hawkeye keeps his ammunitionquiver
47%
Sam Raimi western in which Sharon Stone seeks vengeance for her father's deathThe Quick and the Dead
47%
Adjective describing a stereotypical indie filmquirky
41%
MGM epic set in ancient Rome about the persecution of ChristiansQuo Vadis?
35%
John Ford's ode to Ireland, with John Wayne and Maureen O'HaraThe Quiet Man
29%
Creators of macabre stop-motion animation like The Street of Crocodiles: the Brothers _______Quay
18%
Scientist in a series of BBC shows and films who nearly always winds up battling aliensBernard Quatermass
12%
Trilogy of wordless films directed by Godfrey ReggioQatsi trilogy
12%
2012 documentary by Lauren Greenfield about a rich family and their Florida mansionThe Queen of Versailles
12%
Tex Avery cartoon in which a dimwitted dog pursues a small clever bird: The Crackpot ________Quail
6%
1933 film in which Garbo plays royalty from her actual countryQueen Christina
6%
Robert Altman film set in a post-apocalyptic ice ageQuintet
6%
Cheap British films made to satisfy the Cinematograph Films Act of 1927quota quickies
6%

Score Distribution

Percentile by Number Answered

Percent of People with Each Score

Your Score History

You have not taken this quiz